Del fiel color

Salvato in:
Dettagli Bibliografici
Autore principale: López Orihuela, Dionisio
Natura: Libro
Lingua:Undetermined
Pubblicazione: Venezuela Yocoima 1956
Soggetti:
Tags: Aggiungi Tag
Nessun Tag, puoi essere il primo ad aggiungerne!!

MARC

LEADER 00000nam a2200000Ia 4500
008 170316s9999 xx 000 0 und d
040 |a cru BVZT 
090 |a 860 L-24d 
100 |a López Orihuela, Dionisio 
245 |a Del fiel color 
260 |a Venezuela 
260 |b Yocoima 
260 |c 1956 
300 |a 128 páginas 
650 |a LITERATURA LATINOAMERICANA 
999 |c 8875  |d 8875 
942 |c 15 D  |h 860 L-24d  |2 z